| 000 | 00648nam 22001693 4500 | ||
|---|---|---|---|
| 001 | 199646 | ||
| 090 | _a199646 | ||
| 100 | _a20251218d u||y0pory50 ba | ||
| 200 |
_aArtes e tradições de Barcelos _flevantamento realizado pelo Centro de Estágio de Educação Visual, Escola Preparatória de Barcelos |
||
| 210 |
_aLisboa _cTerra Livre _d1979 |
||
| 215 |
_a169, [11] p. _cil. ; brochado _d21 cm |
||
| 606 |
_92051 _aAntropologia Cultural. Etnologia. Etnografia. Usos e Costumes. Tradições. Modo de vida. Folclore |
||
| 675 |
_a39 _vPT _zpor |
||
| 710 |
_915453 _aEscola Preparatória de Barcelos |
||
| 801 |
_aPT _bBMMN _gRPC |
||
| 830 | _cVanda | ||
| 990 | _cLIVROS | ||